Asian Expressions of Christian Commitment (Record no. 10832)

MARC details
000 -LEADER
fixed length control field 00600nam a2200241 a 4500
020 ## - INTERNATIONAL STANDARD BOOK NUMBER
ISBN
082 00 - DEWEY DECIMAL CLASSIFICATION NUMBER
Classification number 230
Author Cutter FRA
100 ## - MAIN ENTRY--AUTHOR NAME
Author name Francis, T Dayanandan
245 ## - TITLE STATEMENT
Title Asian Expressions of Christian Commitment
260 ## - PUBLICATION, DISTRIBUTION, ETC. (IMPRINT)
Place of publication Madras
Name of publisher Christian Literature Society
Year of publication 1992
300 ## - PHYSICAL DESCRIPTION
Number of Pages 416p
500 ## - GENERAL NOTE
General note includes index and biblioraphy
505 2# - FORMATTED CONTENTS NOTE
Formatted contents note Index
650 ## - SUBJECT ADDED ENTRY--TOPICAL TERM
Topical Term Theology
650 ## - SUBJECT ADDED ENTRY--TOPICAL TERM
Topical Term Christianity-Asia
942 ## - ADDED ENTRY ELEMENTS (KOHA)
Koha item type Books
Holdings
Home library Current library Date acquired Cost, normal purchase price Full call number Accession Number Koha item type
Henry Martyn Institute Library Henry Martyn Institute Library 08/01/2007 130.00 230 FRA 015515 E-Books
                   Copyright © 2026 | Henry Martyn Institute | Hyderabad | TS-500052 | INDIA | Implemented by hmi.edu.in
Hit-Count:

Powered by Koha